Co-operatives in East Africa : (Record no. 16742)

MARC details
000 -LEADER
fixed length control field 00600nam a22002057a 4500
003 - CONTROL NUMBER IDENTIFIER
control field OSt
005 - DATE AND TIME OF LATEST TRANSACTION
control field 20180321150236.0
008 - FIXED-LENGTH DATA ELEMENTS--GENERAL INFORMATION
fixed length control field 180321b xxu||||| |||| 00| 0 eng d
020 ## - INTERNATIONAL STANDARD BOOK NUMBER
International Standard Book Number 9789966078506
040 ## - CATALOGING SOURCE
Transcribing agency KABU
050 ## - LIBRARY OF CONGRESS CALL NUMBER
Classification number HC 800
Item number .K63 2014 C.1
100 ## - MAIN ENTRY--PERSONAL NAME
Personal name Kobia, K. Silas
245 ## - TITLE STATEMENT
Title Co-operatives in East Africa :
Remainder of title How co-operatives unit and empower people
260 ## - PUBLICATION, DISTRIBUTION, ETC. (IMPRINT)
Place of publication, distribution, etc. Nairobi
Name of publisher, distributor, etc. Lukiko Consulting Trust
300 ## - PHYSICAL DESCRIPTION
Extent xviii, 262p.
650 ## - SUBJECT ADDED ENTRY--TOPICAL TERM
Topical term or geographic name as entry element African East
Form subdivision Economic condition
650 ## - SUBJECT ADDED ENTRY--TOPICAL TERM
Topical term or geographic name as entry element Economic aspects
Geographic subdivision Africa
700 ## - ADDED ENTRY--PERSONAL NAME
Personal name Minishi, S. Labourn
942 ## - ADDED ENTRY ELEMENTS (KOHA)
Source of classification or shelving scheme Library of Congress Classification
Koha item type General Collection
Holdings
Withdrawn status Lost status Source of classification or shelving scheme Not for loan Home library Current library Shelving location Date acquired Cost, normal purchase price Inventory number Total Checkouts Full call number Barcode Date last seen Copy number Price effective from Koha item type Date last checked out
    Library of Congress Classification   Kabarak, Main Campus Kabarak, Main Campus General Stacks 21/03/2018 1510.00 2018/0702   HC 800 .A6K63 2014 C.1 024418 02/08/2024 C. 1 21/03/2018 General Collection  
    Library of Congress Classification   Kabarak, Main Campus Kabarak, Main Campus General Stacks 21/03/2018 1510.00 2018/0702   HC 800 .A6K63 2014 C.2 024207 02/08/2024 C. 2 21/03/2018 General Collection  
    Library of Congress Classification   Kabarak, Main Campus Kabarak, Main Campus General Stacks 21/03/2018 1510.00 2018/0702   HC 800 .A6K63 2014 C.3 024208 02/08/2024 C. 3 21/03/2018 General Collection  
    Library of Congress Classification   Kabarak, Main Campus Kabarak, Main Campus General Stacks 21/03/2018 1510.00 2018/0702   HC 800 .A6K63 2014 C.4 024209 02/08/2024 C. 4 21/03/2018 General Collection  
    Library of Congress Classification   Kabarak, Main Campus Kabarak, Main Campus General Stacks 21/03/2018 1510.00 2018/0702   HC 800 .A6K63 2014 C.5 024307 02/08/2024 C. 5 21/03/2018 General Collection  
    Library of Congress Classification   Kabarak, Main Campus Kabarak, Main Campus General Stacks 21/03/2018 1510.00 2018/0702 1 HC 800 .A6K63 2014 C.6 024308 02/08/2024 C. 6 21/03/2018 General Collection 02/04/2024
Designed with assistance from East African Informatics Ltd